| 000 | 00372 a2200169 4500 | ||
|---|---|---|---|
| 001 | 72505 | ||
| 020 | _a8576662221 | ||
| 040 | _cAnchieta - Colégio São Paulo | ||
| 100 | _aCunha, Leo | ||
| 240 | 1 | 0 |
_aA megera domada _lpor |
| 245 | 1 | 0 | _aA megera domada |
| 300 | _a96 | ||
| 362 | 0 | _a2005 | |
| 440 | 1 | _aEscala Educacional | |
| 650 | 4 | _aLiteratura juvenil | |
| 942 | _cBK | ||
| 999 |
_c72505 _d72505 |
||